000
00213nam a2200097Ia 4500
005
20251222114339.0
008
251222s1900||||xx |||||||||||||| ||spa||
082
_a
DVD0080/H79/1995
245
0
_a
Apollo 13:
942
_c
DVD
999
_c
795
_d
795